[Event "III Festival Marche Estate Magistrale"]
[Site "Falconara Marittima ITA"]
[Date "2005.07.18"]
[Round "1"]
[White "Borgiani, Flavio"]
[Black "Tencati, Giuseppe"]
[Result "1-0"]
[WhiteElo "2208"]
[BlackElo "2109"]
[PlyCount "91"]
[EventDate "2005.07.18"]

1.d4 d5 2.Nf3 c6 3.c4 e6 4.e3 Nf6 5.Nc3 Bd6 6.Qc2 Nbd7 7.Bd2 O-O 8.h3 a6 
9.g4 dxc4 10.g5 Nd5 11.Ne4 Be7 12.Bxc4 b5 13.Be2 Bb7 14.Nc5 Nxc5 15.dxc5 
Qc7 16.Bd3 g6 17.h4 e5 18.h5 Kg7 19.hxg6 fxg6 20.Bxg6 hxg6 21.Rh6 Rf5 22.
Rxg6+ Kxg6 23.Nh4+ Kf7 24.g6+ Ke8 25.Nxf5 Bf8 26.O-O-O Bc8 27.Rh1 Bxf5 28.
Qxf5 Bg7 29.Qe6+ Kf8 30.Ba5 Qb7 31.Rh5 Re8 32.Rf5+ Nf6 33.Rxf6+ Bxf6 34.
Qxf6+ Kg8 35.Bc3 Qe7 36.Qxc6 Qe6 37.Qxe6+ Rxe6 38.Kc2 Kg7 39.f4 Kxg6 40.
Bxe5 Kf5 41.Kd3 Rh6 42.Kd4 Rh1 43.Kd5 Rd1+ 44.Bd4 a5 45.c6 b4 46.c7 1-0

[Event "III Festival Marche Estate Magistrale"]
[Site "Falconara Marittima ITA"]
[Date "2005.07.18"]
[Round "1"]
[White "Castrogiovanni, Carlo"]
[Black "Stromboli, Ettore"]
[Result "1-0"]
[WhiteElo "2108"]
[BlackElo "2192"]
[PlyCount "83"]
[EventDate "2005.07.18"]

1.Nf3 Nf6 2.c4 e6 3.g3 b6 4.Bg2 Bb7 5.Nc3 Be7 6.d3 O-O 7.e4 d6 8.O-O c5 9.
Qe2 Nbd7 10.Bd2 a6 11.a4 Qc7 12.Rfb1 Ne5 13.b4 cxb4 14.Rxb4 d5 15.Rbb1 
dxc4 16.Nxe5 Qxe5 17.dxc4 Bc5 18.a5 Bd4 19.Ra3 Rad8 20.axb6 Bxf2+ 21.Kh1 
Bc5 22.Bf4 Qd4 23.Rab3 Be7 24.Bc7 Rd7 25.Rd1 Qc5 26.Rbb1 Rxd1+ 27.Rxd1 Ne8
28.Na4 Qb4 29.Qc2 Nxc7 30.bxc7 Bc6 31.Rb1 Qa5 32.Nb6 Bb7 33.e5 Bc8 34.Qe4 
Qc5 35.Qc6 Qd4 36.h3 Qd3 37.Qe4 Qd2 38.Nxc8 Bc5 39.Nb6 Bxb6 40.Rxb6 Qd7 
41.Qc6 Qd1+ 42.Kh2 1-0

[Event "III Festival Marche Estate Magistrale"]
[Site "Falconara Marittima ITA"]
[Date "2005.07.18"]
[Round "1"]
[White "Cecchetto, Vanni"]
[Black "Raineri, Valerio"]
[Result "0-1"]
[WhiteElo "2019"]
[BlackElo "2145"]
[PlyCount "76"]
[EventDate "2005.07.18"]

1.Nf3 Nf6 2.c4 g6 3.Nc3 Bg7 4.e4 d6 5.d4 Nbd7 6.Be2 O-O 7.O-O e5 8.dxe5 
dxe5 9.Qc2 c6 10.b3 Re8 11.Ba3 Bf8 12.Bxf8 Rxf8 13.Rad1 Qe7 14.Rd2 Ne8 15.
Rfd1 f5 16.exf5 gxf5 17.Kh1 e4 18.Nd4 Ne5 19.Bf1 Nf6 20.Re1 Ng6 21.Rdd1 
Qe5 22.Nf3 Qf4 23.Ne2 Qh6 24.Nfg1 Ng4 25.Nh3 e3 26.fxe3 Nxe3 27.Qc1 f4 28.
Rd3 Bxh3 29.gxh3 Ne5 30.Nxf4 Nxd3 31.Nxd3 Rae8 32.Be2 Rf6 33.Bg4 Kh8 34.
Qc3 Qg7 35.Qc1 Qf7 36.Bh5 Qxh5 37.Rxe3 Rxe3 38.Qxe3 Qf3+ 0-1

[Event "III Festival Marche Estate Magistrale"]
[Site "Falconara Marittima ITA"]
[Date "2005.07.18"]
[Round "1"]
[White "Dekker, Bart"]
[Black "Padovani, Alessio"]
[Result "1-0"]
[WhiteElo "2144"]
[BlackElo "2008"]
[PlyCount "137"]
[EventDate "2005.07.18"]

1.d4 f5 2.g3 e6 3.Bg2 Nf6 4.Nh3 d5 5.O-O Bd6 6.c4 c6 7.Nd2 O-O 8.Nf4 Qe8 
9.Qc2 Ne4 10.Nf3 Nd7 11.Rb1 g5 12.Nd3 Qh5 13.Nfe5 Nef6 14.f3 Be7 15.Be3 
Nxe5 16.dxe5 Nd7 17.c5 Rf7 18.b4 Nf8 19.Bd4 Ng6 20.a4 Rf8 21.b5 Bd7 22.Qd2
Rfb8 23.Nb4 Bd8 24.bxc6 Bxc6 25.Nxc6 bxc6 26.e3 Ne7 27.Rb2 Qe8 28.Rfb1 Bc7
29.Bf1 Rxb2 30.Rxb2 Rb8 31.Ba6 Rxb2 32.Bxb2 Qb8 33.Qc3 Kf7 34.Bd3 Ba5 35.
Qc2 Qb4 36.Kg2 Qd2+ 37.Qxd2 Bxd2 38.Kf2 Ke8 39.Ba3 h6 40.f4 g4 41.Ba6 Kd7 
42.Ke2 Ba5 43.Kd3 h5 44.Ke2 Ng6 45.Bd3 h4 46.Kf2 h3 47.Bf1 Bc3 48.Ke2 Bxe5
49.fxe5 Nxe5 50.Kf2 Nf3 51.Bxh3 Nxh2 52.Bg2 e5 53.a5 a6 54.Bb2 Ke6 55.Bc3 
Kf6 56.Kg1 Nf3+ 57.Bxf3 gxf3 58.Kf2 Ke6 59.Kxf3 Kf6 60.g4 fxg4+ 61.Kxg4 d4
62.exd4 exd4 63.Bxd4+ Ke6 64.Kf4 Kd5 65.Bf2 Kc4 66.Ke5 Kb5 67.Kd6 Kxa5 68.
Kxc6 Kb4 69.Kb6 1-0

[Event "III Festival Marche Estate Magistrale"]
[Site "Falconara Marittima ITA"]
[Date "2005.07.18"]
[Round "1"]
[White "Faber, Hugo"]
[Black "Pegoraro, Nicola"]
[Result "1-0"]
[WhiteElo "2167"]
[BlackElo "2085"]
[PlyCount "93"]
[EventDate "2005.07.18"]

1.e4 c5 2.c3 e5 3.Bc4 Nc6 4.Nf3 Qc7 5.O-O Nf6 6.Re1 Be7 7.a4 O-O 8.d3 d6 
9.Nbd2 Bg4 10.h3 Bh5 11.Nf1 Rad8 12.Ng3 Bg6 13.Nh4 d5 14.exd5 Nxd5 15.Nhf5
Bf6 16.Qg4 Qc8 17.Nh6+ gxh6 18.Qxc8 Rxc8 19.Bxd5 Bg7 20.Be3 Rfd8 21.Be4 b6
22.Rad1 Ne7 23.f4 f5 24.Bf3 Nd5 25.Bc1 Nxf4 26.Bxf4 exf4 27.Nh5 Re8 28.
Nxf4 Bf7 29.Bd5 Bxd5 30.Nxd5 Kf7 31.Kf2 Bf6 32.Nxf6 Kxf6 33.Kf3 Rcd8 34.
Re3 Rxe3+ 35.Kxe3 Re8+ 36.Kf3 h5 37.g3 Kg5 38.d4 Rd8 39.d5 Kf6 40.Kf4 Re8 
41.d6 Re4+ 42.Kf3 Re8 43.h4 Rd8 44.Kf4 Ke6 45.d7 h6 46.c4 Ke7 47.Ke5 1-0

[Event "III Festival Marche Estate Magistrale"]
[Site "Falconara Marittima ITA"]
[Date "2005.07.18"]
[Round "1"]
[White "Ferretti, Folco"]
[Black "Foglia, Maurizio"]
[Result "1-0"]
[WhiteElo "2272"]
[BlackElo "2114"]
[PlyCount "125"]
[EventDate "2005.07.18"]

1.Nf3 Nf6 2.c4 b6 3.Nc3 Bb7 4.g3 e6 5.Bg2 c5 6.O-O Be7 7.Re1 O-O 8.e4 d6 
9.d4 cxd4 10.Nxd4 Qc8 11.Be3 a6 12.Rc1 Nbd7 13.f4 Qc7 14.f5 e5 15.Nd5 Nxd5
16.cxd5 Nc5 17.b4 exd4 18.Bxd4 f6 19.Qh5 Qd7 20.bxc5 bxc5 21.Bc3 Rfb8 22.
Re3 Qe8 23.Qe2 Qb5 24.Qd2 Bd8 25.g4 Bc8 26.Rg3 Ra7 27.h4 Qe8 28.g5 Qf8 29.
Bf3 Rab7 30.Kh2 Rb1 31.Rc2 Rf1 32.Be2 Rfb1 33.Bc4 Kh8 34.Qe2 a5 35.Qh5 Bd7
36.Rcg2 Be8 37.Qg4 Rc1 38.gxf6 Bxf6 39.Qxg7+ Bxg7 40.Bxg7+ Qxg7 41.Rxg7 
Bg6 42.Re7 Bxf5 43.Be2 Bg6 44.h5 Re8 45.Re6 Rxe6 46.dxe6 Bxe4 47.e7 Bc6 
48.Bf3 Re1 49.Bxc6 Rxe7 50.Bd5 h6 51.Rg6 Kh7 52.Rxd6 Re3 53.Rd7+ Kh8 54.
Kg2 a4 55.Ra7 Re5 56.Bf3 c4 57.Rxa4 Rc5 58.Be4 c3 59.Bc2 Rd5 60.Kf3 Rxh5 
61.Rc4 Rh2 62.Bb3 Kg7 63.Kg3 1-0

[Event "III Festival Marche Estate Magistrale"]
[Site "Falconara Marittima ITA"]
[Date "2005.07.18"]
[Round "1"]
[White "Gardon, Ermanno"]
[Black "Giacometti, Carlo"]
[Result "1-0"]
[WhiteElo "2178"]
[BlackElo "2089"]
[PlyCount "93"]
[EventDate "2005.07.18"]

1.c4 e6 2.e4 d5 3.exd5 exd5 4.d4 Nf6 5.Nc3 Be7 6.Bd3 O-O 7.Nge2 Nc6 8.O-O 
Bg4 9.Be3 Nb4 10.cxd5 Nxd3 11.Qxd3 Nxd5 12.Ng3 Re8 13.Rac1 c6 14.a3 Bh4 
15.Bd2 Nxc3 16.Bxc3 Qd5 17.f3 Bd7 18.Rfe1 f5 19.Qd2 f4 20.Rxe8+ Rxe8 21.
Ne4 Bd8 22.Qxf4 Bf5 23.Nd6 Bc7 24.Qxf5 Qxd6 25.Qh5 g6 26.Qh6 Bb6 27.Rd1 
Re7 28.Qh4 Rf7 29.Qe4 Re7 30.Qh4 Rf7 31.Qe1 Rf4 32.Qe8+ Kg7 33.Qe3 c5 34.
Qe5+ Qxe5 35.dxe5 Kf8 36.Kf1 Ke7 37.Ke2 Bc7 38.g3 Rf5 39.f4 g5 40.Ke3 
gxf4+ 41.gxf4 Ke6 42.Ke4 Rh5 43.Rd2 Rh4 44.Rg2 b5 45.Rg7 Bb6 46.Be1 Rh5 
47.Bf2 1-0

[Event "III Festival Marche Estate Magistrale"]
[Site "Falconara Marittima ITA"]
[Date "2005.07.18"]
[Round "1"]
[White "Maksimenko, Andrei"]
[Black "Rinaudo, Andrea"]
[Result "1-0"]
[WhiteElo "2505"]
[BlackElo "2130"]
[PlyCount "83"]
[EventDate "2005.07.18"]

1.d4 Nf6 2.c4 e6 3.Nc3 d5 4.Nf3 Nbd7 5.Bf4 c6 6.e3 Be7 7.Qc2 Nh5 8.Be5 
Nxe5 9.dxe5 g6 10.Be2 Ng7 11.O-O O-O 12.Rad1 Qa5 13.a3 dxc4 14.Bxc4 Rd8 
15.Ne4 Ne8 16.h4 h5 17.Ba2 Qc7 18.Rxd8 Qxd8 19.Rd1 Qc7 20.Qc3 Kg7 21.Nfg5 
Bd7 22.Qd4 Rd8 23.Nd6 Bxg5 24.hxg5 Kf8 25.Qxa7 Bc8 26.Qd4 c5 27.Qf4 Nxd6 
28.exd6 Qd7 29.Qe5 Kg8 30.Qxc5 b5 31.Bb3 Bb7 32.Qc7 Kf8 33.f4 Ke8 34.Qc3 
Qc6 35.Qxc6+ Bxc6 36.Kf2 Kd7 37.Rd4 Bb7 38.a4 Bc6 39.axb5 Bxb5 40.e4 Rc8 
41.Rb4 Rc5 42.Rxb5 1-0

[Event "III Festival Marche Estate Magistrale"]
[Site "Falconara Marittima ITA"]
[Date "2005.07.18"]
[Round "1"]
[White "Mazzariol, Oscar"]
[Black "Stromboli, Carlo"]
[Result "0-1"]
[WhiteElo "2078"]
[BlackElo "2158"]
[PlyCount "82"]
[EventDate "2005.07.18"]

1.e4 e5 2.Nf3 Nc6 3.Bb5 a6 4.Ba4 Nf6 5.Qe2 b5 6.Bb3 Bc5 7.c3 d6 8.h3 O-O 
9.O-O Qe7 10.d3 h6 11.Nbd2 Nh5 12.Nb1 Ng3 13.Qd1 Nxf1 14.Kxf1 Be6 15.Bc2 
d5 16.d4 exd4 17.Nxd4 Bxd4 18.cxd4 Nb4 19.e5 c5 20.Bb3 c4 21.Bc2 Qa7 22.
Be3 f6 23.exf6 Rxf6 24.Nc3 Nxc2 25.Qxc2 Qd7 26.Ne2 Bf5 27.Qd2 Bd3 28.Kg1 
Bxe2 29.Qxe2 b4 30.Qd2 a5 31.a3 Qa4 32.Qc1 Qe8 33.Qd2 Rb8 34.axb4 axb4 35.
Ra5 Rb5 36.Ra4 c3 37.bxc3 bxc3 38.Qa2 Rc6 39.Ra8 Rc8 40.Ra7 c2 41.Qa3 Qxe3
0-1

[Event "III Festival Marche Estate Magistrale"]
[Site "Falconara Marittima ITA"]
[Date "2005.07.18"]
[Round "1"]
[White "Okhotnik, Vladimir"]
[Black "Del Dotto, Riccardo"]
[Result "1-0"]
[WhiteElo "2404"]
[BlackElo "2127"]
[PlyCount "71"]
[EventDate "2005.07.18"]

1.e4 e5 2.Nf3 Nf6 3.Nxe5 d6 4.Nf3 Nxe4 5.Bd3 Nf6 6.O-O Be7 7.h3 O-O 8.c3 
d5 9.Bc2 c5 10.d4 b6 11.Ne5 Re8 12.Nd2 Qc7 13.Ndf3 Nbd7 14.Bf4 Bd6 15.Re1 
a6 16.Qb1 h6 17.Qc1 cxd4 18.cxd4 Bb7 19.Bb3 Qxc1 20.Raxc1 Nf8 21.a3 Ne6 
22.Be3 Rac8 23.Nh4 g6 24.f4 Ng7 25.g4 Rcd8 26.Ba4 b5 27.Bb3 Nd7 28.Bd2 Nf6
29.f5 g5 30.Ng2 Ne4 31.Rxe4 dxe4 32.Nxf7 Kh7 33.Nxd8 Rxd8 34.Ba5 Rd7 35.f6
Ne8 36.f7 1-0

[Event "III Festival Marche Estate Magistrale"]
[Site "Falconara Marittima ITA"]
[Date "2005.07.18"]
[Round "1"]
[White "Rago, Riccardo"]
[Black "Tomba, Ivan"]
[Result "0-1"]
[WhiteElo "2111"]
[BlackElo "2232"]
[PlyCount "78"]
[EventDate "2005.07.18"]

1.e4 c5 2.Nf3 d6 3.d4 cxd4 4.Nxd4 e6 5.c4 Nf6 6.Nc3 b6 7.Be2 Bb7 8.f3 Nbd7
9.O-O Be7 10.Ndb5 Qb8 11.Bf4 Ne5 12.Qd2 a6 13.Nd4 O-O 14.Rfd1 Qc7 15.Rac1 
Rac8 16.Be3 Qb8 17.Na4 Ned7 18.b4 Rfe8 19.a3 Bd8 20.Kh1 Bc7 21.Bg1 d5 22.
cxd5 exd5 23.exd5 Bf4 24.Rxc8 Rxc8 25.Qd3 Nxd5 26.Nf5 Re8 27.Bf1 g6 28.Nd4
Ne3 29.Re1 Ne5 30.Qb1 Nxf1 31.Rxf1 Nc4 32.Qd3 Qc7 33.Ne2 Be3 34.Bxe3 Rxe3 
35.Qc2 b5 36.Nc5 Nxa3 37.Qa2 Nc4 38.Ng3 Bc6 39.Qxa6 Ra3 0-1

[Event "III Festival Marche Estate Magistrale"]
[Site "Falconara Marittima ITA"]
[Date "2005.07.18"]
[Round "1"]
[White "Rinaudo, Sergio"]
[Black "Capuano, Eugenio"]
[Result "1/2-1/2"]
[WhiteElo "2087"]
[BlackElo "2173"]
[PlyCount "55"]
[EventDate "2005.07.18"]

1.d4 Nf6 2.Nf3 g6 3.Nbd2 Bg7 4.e4 d6 5.Bd3 O-O 6.O-O Nc6 7.c3 e5 8.dxe5 
dxe5 9.Qc2 Nh5 10.Nc4 h6 11.b4 a6 12.Be3 Nf4 13.Rad1 Bg4 14.Be2 Qf6 15.
Bxf4 exf4 16.Nd4 Bxe2 17.Qxe2 Rad8 18.e5 Nxe5 19.Nxe5 Qxe5 20.Qf3 c6 21.
Rfe1 Qd5 22.Qxf4 Qxa2 23.Qc7 Qd5 24.Qxb7 c5 25.Qxd5 Rxd5 26.Nc6 Rxd1 27.
Rxd1 cxb4 28.cxb4 1/2-1/2

[Event "III Festival Marche Estate Magistrale"]
[Site "Falconara Marittima ITA"]
[Date "2005.07.18"]
[Round "1"]
[White "Rossi, Aldo A."]
[Black "Brigati, Alessandro"]
[Result "1-0"]
[WhiteElo "2154"]
[BlackElo "2034"]
[PlyCount "103"]
[EventDate "2005.07.18"]

1.d4 Nf6 2.Nf3 g6 3.Bf4 Bg7 4.e3 d6 5.h3 O-O 6.Be2 Nbd7 7.O-O b6 8.a4 a5 
9.c3 Bb7 10.Nbd2 Re8 11.Nc4 Ne4 12.Nfd2 Nxd2 13.Nxd2 e5 14.Bh2 Qe7 15.Re1 
Rad8 16.Bb5 Rf8 17.Nf3 e4 18.Nd2 f5 19.b4 Bd5 20.c4 Bb7 21.Bxd7 Qxd7 22.
bxa5 bxa5 23.Nb3 Ra8 24.Qd2 Bc6 25.Nxa5 Bxa4 26.c5 Bc6 27.Nxc6 Qxc6 28.
cxd6 cxd6 29.Rac1 Qd7 30.Qb4 d5 31.Rc7 Qe6 32.Qb7 Bf6 33.Rxh7 Rad8 34.Rc1 
Rf7 35.Rxf7 Qxf7 36.Rc7 Qe6 37.Bf4 Rf8 38.Rc6 Qf7 39.Qb6 g5 40.Bxg5 Bxg5 
41.Rg6+ Kh8 42.Rxg5 Rg8 43.Rxg8+ Kxg8 44.Qh6 Qd7 45.Qg6+ Kh8 46.h4 Qc8 47.
h5 Qc1+ 48.Kh2 Qc7+ 49.g3 Qd7 50.h6 f4 51.exf4 e3 52.Qg7+ 1-0

[Event "III Festival Marche Estate Magistrale"]
[Site "Falconara Marittima ITA"]
[Date "2005.07.18"]
[Round "1"]
[White "Santurbano, Maria Vincenza"]
[Black "Dvirnyy, Danyyil"]
[Result "0-1"]
[WhiteElo "2001"]
[BlackElo "2141"]
[PlyCount "28"]
[EventDate "2005.07.18"]

1.e4 c5 2.Nf3 d6 3.d4 cxd4 4.Nxd4 Nf6 5.Nc3 g6 6.Be3 Bg7 7.f3 O-O 8.Qd2 
Nc6 9.h4 d5 10.Nxc6 bxc6 11.exd5 Nxd5 12.O-O-O Bxc3 13.bxc3 Qa5 14.Bd4 
Qa3+ 0-1

[Event "III Festival Marche Estate Magistrale"]
[Site "Falconara Marittima ITA"]
[Date "2005.07.18"]
[Round "1"]
[White "Zilahi, Gabor"]
[Black "Gromovs, Sergejs"]
[Result "0-1"]
[WhiteElo "2117"]
[BlackElo "2375"]
[PlyCount "86"]
[EventDate "2005.07.18"]

1.d4 d5 2.Bg5 h6 3.Bh4 c5 4.e3 cxd4 5.exd4 Qb6 6.Nc3 e6 7.Rb1 Bd7 8.Nf3 
Nc6 9.Be2 Nge7 10.Na4 Qa5+ 11.c3 Nf5 12.b4 Nxb4 13.Qd2 Nxh4 14.Nxh4 Qxa4 
15.cxb4 Rc8 16.Bd1 Qa6 17.Nf3 Bd6 18.Ne5 Bxe5 19.dxe5 O-O 20.h4 Qc4 21.f3 
f6 22.Bb3 Qc3 23.Qxc3 Rxc3 24.Kd2 Rfc8 25.Rhe1 Bb5 26.Re3 Rxe3 27.Kxe3 
fxe5 28.Re1 Kf7 29.f4 Rc3+ 30.Kd2 Rd3+ 31.Kc2 exf4 32.a4 Bc4 33.Bxc4 dxc4 
34.Re4 g5 35.Rxc4 Rd7 36.Rc5 Kf6 37.a5 e5 38.b5 gxh4 39.a6 bxa6 40.Rc6+ 
Kg5 41.Rxa6 Rd5 42.b6 axb6 43.Rxb6 h5 0-1

[Event "III Festival Marche Estate Magistrale"]
[Site "Falconara Marittima ITA"]
[Date "2005.07.19"]
[Round "2"]
[White "Brigati, Alessandro"]
[Black "Zilahi, Gabor"]
[Result "1-0"]
[WhiteElo "2034"]
[BlackElo "2117"]
[PlyCount "85"]
[EventDate "2005.07.18"]

1.Nf3 Nf6 2.d4 g6 3.Bf4 Bg7 4.e3 O-O 5.h3 c5 6.Nbd2 b6 7.c3 cxd4 8.exd4 
Bb7 9.Bc4 d6 10.O-O Nbd7 11.Re1 Rc8 12.Qb3 d5 13.Bd3 Re8 14.Re2 Nh5 15.Bh2
f5 16.Rae1 Bf6 17.Ne5 e6 18.Bb5 Bxe5 19.Bxe5 Bc6 20.Ba6 Ra8 21.Bh2 Nf8 22.
Nf3 f4 23.Ne5 Bd7 24.c4 dxc4 25.Bxc4 b5 26.Bd3 Rb8 27.Be4 Rb6 28.Bf3 Qf6 
29.Bxh5 gxh5 30.Qf3 Rd6 31.Re4 Ng6 32.Qxh5 Re7 33.Qf3 Rg7 34.Nxg6 Qxg6 35.
Rxf4 Qe8 36.Rg4 Rd5 37.Rxg7+ Kxg7 38.Be5+ Kg8 39.Qf6 Qg6 40.Qh8+ Kf7 41.
Re3 Bc6 42.Rf3+ Ke7 43.Qf8+ 1-0

[Event "III Festival Marche Estate Magistrale"]
[Site "Falconara Marittima ITA"]
[Date "2005.07.19"]
[Round "2"]
[White "Capuano, Eugenio"]
[Black "Castrogiovanni, Carlo"]
[Result "1-0"]
[WhiteElo "2173"]
[BlackElo "2108"]
[PlyCount "63"]
[EventDate "2005.07.18"]

1.d4 Nf6 2.Nf3 c5 3.d5 d6 4.c4 b5 5.cxb5 a6 6.b6 Nbd7 7.Nc3 g6 8.e4 Bg7 9.
a4 a5 10.Bb5 O-O 11.O-O Nxb6 12.Re1 Bb7 13.Bg5 Nfd7 14.Qd2 Ne5 15.Nxe5 
Bxe5 16.Bh6 Bg7 17.Rad1 Ba6 18.Bxg7 Kxg7 19.b3 Bxb5 20.Nxb5 f6 21.Re3 c4 
22.Nd4 Qd7 23.Ne6+ Kg8 24.Rg3 Rf7 25.Qh6 Kh8 26.Rxg6 Rg8 27.Rxg8+ Kxg8 28.
Qe3 Na8 29.bxc4 Nc7 30.Qa7 Qxa4 31.Qb8+ Qe8 32.Qxc7 1-0

[Event "III Festival Marche Estate Magistrale"]
[Site "Falconara Marittima ITA"]
[Date "2005.07.19"]
[Round "2"]
[White "Del Dotto, Riccardo"]
[Black "Mazzariol, Oscar"]
[Result "0-1"]
[WhiteElo "2127"]
[BlackElo "2078"]
[PlyCount "68"]
[EventDate "2005.07.18"]

1.e4 d6 2.d4 Nf6 3.Nc3 g6 4.g3 Bg7 5.Bg2 O-O 6.Nge2 c5 7.h3 Nc6 8.d5 Na5 
9.O-O Rb8 10.a4 a6 11.b3 b5 12.axb5 axb5 13.Bb2 b4 14.Na4 Ba6 15.e5 Ne8 
16.Re1 c4 17.exd6 exd6 18.Bxg7 Nxg7 19.bxc4 Bxc4 20.Nb2 Bxe2 21.Rxe2 Qc7 
22.Qd3 Rfc8 23.h4 Nc4 24.Nxc4 Qxc4 25.Qxc4 Rxc4 26.Ra6 Nf5 27.Kf1 Nd4 28.
Re4 f5 29.Re7 Rxc2 30.Bf3 Nb5 31.Be2 b3 32.Bxb5 b2 33.Re1 Rc1 34.Bd3 Re8 
0-1

[Event "III Festival Marche Estate Magistrale"]
[Site "Falconara Marittima ITA"]
[Date "2005.07.19"]
[Round "2"]
[White "Drazic, Sinisa"]
[Black "Faber, Hugo"]
[Result "1-0"]
[WhiteElo "2497"]
[BlackElo "2167"]
[PlyCount "141"]
[EventDate "2005.07.18"]

1.d4 Nf6 2.Bg5 d5 3.Nd2 c6 4.e3 Bf5 5.Bxf6 exf6 6.Bd3 Bxd3 7.cxd3 f5 8.Ne2
Bd6 9.h4 Nd7 10.Nf3 Qe7 11.g3 O-O-O 12.Qd2 g6 13.O-O-O Nf6 14.Kb1 Kb8 15.
Rc1 Rhe8 16.Nf4 h6 17.a3 Ng4 18.Nh3 Nf6 19.Rc2 Rc8 20.Ka2 Rc7 21.Kb1 Rcc8 
22.Rhc1 Rc7 23.Qd1 Nd7 24.Qh1 Nb6 25.Nhg1 Na4 26.Ne2 Qf6 27.Qh2 Rh8 28.Nc3
Nxc3+ 29.Rxc3 g5 30.Qg2 g4 31.Nd2 Re8 32.Nb3 Qe7 33.Na5 Qd7 34.Qf1 Rec8 
35.b4 b6 36.Nb3 Ka8 37.Ka2 Qe7 38.R1c2 Kb7 39.Qc1 h5 40.Qd2 Ka8 41.Qc1 Kb7
42.Qb2 Ka8 43.Qb1 Qe8 44.Nc1 Qe6 45.Ne2 Qe8 46.Qb3 Qe6 47.Ka1 Kb8 48.Kb1 
Kb7 49.Kc1 Re7 50.Qa4 Rec7 51.Kd2 Qe8 52.Rc1 Qe6 53.Kd1 Qe8 54.Ke1 Qe7 55.
Kf1 Qf6 56.Kg2 Qe6 57.R3c2 Qe7 58.Kf1 Qe6 59.Kg1 Qe7 60.Kf1 Qe6 61.Re1 Qf6
62.Kg1 Qe7 63.Rb1 Qe6 64.Rbc1 Qe7 65.Qb3 Qe6 66.a4 a6 67.b5 axb5 68.axb5 
c5 69.Ra2 Ra8 70.Rxa8 Kxa8 71.dxc5 1-0

[Event "III Festival Marche Estate Magistrale"]
[Site "Falconara Marittima ITA"]
[Date "2005.07.19"]
[Round "2"]
[White "Dvirnyy, Danyyil"]
[Black "Borgiani, Flavio"]
[Result "1-0"]
[WhiteElo "2141"]
[BlackElo "2208"]
[PlyCount "68"]
[EventDate "2005.07.18"]

1.e4 e6 2.d4 c5 3.Nf3 cxd4 4.Nxd4 a6 5.Bd3 Nc6 6.Nb3 Nf6 7.Qe2 Qc7 8.Nc3 
Be7 9.Be3 b5 10.a3 Bb7 11.f4 d6 12.O-O-O Nd7 13.Rhe1 Nc5 14.Kb1 b4 15.Nd5 
exd5 16.exd5 Na4 17.dxc6 Bxc6 18.Bd4 Kd8 19.axb4 Re8 20.Qf2 g6 21.Na5 Rb8 
22.c3 Bb5 23.Bc2 Bd7 24.Bb3 Kc8 25.Ka1 Bd8 26.Bc4 Ra8 27.Rxe8 Bxe8 28.Qe2 
Bb5 29.Bxb5 axb5 30.Qxb5 Nc5 31.Kb1 Ne6 32.Be3 Rb8 33.Qc6 Be7 34.b5 Nd8 
1-0

[Event "III Festival Marche Estate Magistrale"]
[Site "Falconara Marittima ITA"]
[Date "2005.07.19"]
[Round "2"]
[White "Foglia, Maurizio"]
[Black "Cecchetto, Vanni"]
[Result "1-0"]
[WhiteElo "2114"]
[BlackElo "2019"]
[PlyCount "49"]
[EventDate "2005.07.18"]

1.Nf3 c5 2.b3 Nc6 3.e3 Nf6 4.Bb2 d5 5.Bb5 a6 6.Bxc6+ bxc6 7.Ne5 Qd6 8.O-O 
e6 9.f4 Be7 10.d3 O-O 11.Nd2 Nd7 12.Qh5 f6 13.Nxd7 Bxd7 14.e4 Be8 15.Qg4 
c4 16.dxc4 Bf7 17.Qe2 d4 18.Rae1 Rfd8 19.Qd3 f5 20.exf5 exf5 21.Nf3 Bf6 
22.Ne5 Bh5 23.Qxf5 Bxe5 24.Qxe5 Bg6 25.f5 1-0

[Event "III Festival Marche Estate Magistrale"]
[Site "Falconara Marittima ITA"]
[Date "2005.07.19"]
[Round "2"]
[White "Gardon, Ermanno"]
[Black "Maksimenko, Andrei"]
[Result "1/2-1/2"]
[WhiteElo "2178"]
[BlackElo "2505"]
[PlyCount "79"]
[EventDate "2005.07.18"]

1.c4 e6 2.Nc3 d5 3.cxd5 exd5 4.d4 c6 5.Nf3 Bd6 6.g3 f5 7.Bg2 Nf6 8.Qc2 O-O
9.O-O Ne4 10.Ne1 Nd7 11.Nd3 Qe7 12.f3 Nxg3 13.hxg3 Bxg3 14.f4 Qh4 15.Rf3 
Nf6 16.e3 Ne4 17.Ne2 Qh2+ 18.Kf1 Rf6 19.Nxg3 Nxg3+ 20.Rxg3 Qxg3 21.Qf2 
Qxf2+ 22.Kxf2 Be6 23.Bd2 Bf7 24.Rh1 a5 25.Ne5 Be8 26.Bf3 h6 27.Rc1 Kf8 28.
b4 axb4 29.Bxb4+ Kg8 30.a3 g6 31.Bc5 Kg7 32.Rb1 b5 33.Rc1 Re6 34.Bb4 Ra7 
35.Kg3 g5 36.Be2 Kf6 37.Rh1 Kg7 38.Rc1 Kf6 39.Rh1 Kg7 40.Rc1 1/2-1/2

[Event "III Festival Marche Estate Magistrale"]
[Site "Falconara Marittima ITA"]
[Date "2005.07.19"]
[Round "2"]
[White "Gromovs, Sergejs"]
[Black "Rossi, Aldo A."]
[Result "1-0"]
[WhiteElo "2375"]
[BlackElo "2154"]
[PlyCount "147"]
[EventDate "2005.07.18"]

1.d4 Nf6 2.Nf3 c5 3.d5 e6 4.c4 exd5 5.cxd5 d6 6.Nc3 g6 7.Bg5 Bg7 8.e4 a6 
9.a4 Bg4 10.Qb3 Bxf3 11.Qxb7 Nbd7 12.gxf3 O-O 13.Qb3 Rb8 14.Qc2 Qb6 15.Ra2
Nh5 16.a5 Qb7 17.Be2 Rfe8 18.O-O Be5 19.Qd2 f6 20.Be3 g5 21.f4 Nxf4 22.Bg4
Nf8 23.Ne2 N8g6 24.Bxf4 Nxf4 25.Nxf4 Bxf4 26.Qe2 Qb4 27.Bf5 Qb7 28.Rd1 Re7
29.Rd3 Qb5 30.Qd1 Qc4 31.Ra1 Rxb2 32.Rh3 Reb7 33.e5 Bxe5 34.Qh5 Rb1+ 35.
Rxb1 Rxb1+ 36.Bxb1 Qc1+ 37.Kg2 Qxb1 38.Qe2 Qf5 39.Rb3 Qf4 40.Qh5 Qe4+ 41.
Qf3 Qc4 42.h3 Kg7 43.Qd1 Qe4+ 44.Kg1 c4 45.Qb1 Qxb1+ 46.Rxb1 Bc3 47.Rc1 
Bxa5 48.Rxc4 Bb6 49.Rc6 Bc5 50.Rxa6 Kg6 51.Ra8 h5 52.Kg2 h4 53.Kf3 Kf5 54.
Re8 Bd4 55.Re6 Be5 56.Ke3 Bf4+ 57.Kf3 Be5 58.Re8 Bf4 59.Re4 Be5 60.Ke3 Kg6
61.f3 f5 62.Ra4 Kf6 63.Ra8 Bf4+ 64.Kd4 Be5+ 65.Kc4 g4 66.fxg4 fxg4 67.hxg4
h3 68.Rh8 h2 69.Rh5 Bf4 70.Kd3 Bg3 71.Ke4 Be5 72.Kf3 Kg6 73.Kg2 Bf4 74.Rf5
1-0

[Event "III Festival Marche Estate Magistrale"]
[Site "Falconara Marittima ITA"]
[Date "2005.07.19"]
[Round "2"]
[White "Padovani, Alessio"]
[Black "Rago, Riccardo"]
[Result "0-1"]
[WhiteElo "2008"]
[BlackElo "2111"]
[PlyCount "64"]
[EventDate "2005.07.18"]

1.e4 c5 2.d4 cxd4 3.Nf3 Nc6 4.Nxd4 Nf6 5.f3 e5 6.Nxc6 bxc6 7.Be3 d5 8.exd5
cxd5 9.c3 Be7 10.Bb5+ Bd7 11.Qa4 O-O 12.Bxd7 Nxd7 13.O-O Nb6 14.Qc2 Qc7 
15.Nd2 Rac8 16.Qf5 g6 17.Qg4 f5 18.Qh3 Bf6 19.Rfc1 Rfd8 20.Rab1 d4 21.cxd4
Qxc1+ 22.Rxc1 Rxc1+ 23.Nf1 Rb1 24.g4 exd4 25.Bf2 Nc4 26.gxf5 Nd2 27.fxg6 
hxg6 28.Qe6+ Kg7 29.Qe2 Nxf1 30.Kg2 d3 31.Qe4 Rxb2 32.Kxf1 d2 0-1

[Event "III Festival Marche Estate Magistrale"]
[Site "Falconara Marittima ITA"]
[Date "2005.07.19"]
[Round "2"]
[White "Pegoraro, Nicola"]
[Black "Astengo, Corrado"]
[Result "1-0"]
[WhiteElo "2085"]
[BlackElo "2129"]
[PlyCount "57"]
[EventDate "2005.07.18"]

1.e4 c5 2.Nf3 d6 3.d4 cxd4 4.Nxd4 Nf6 5.Nc3 a6 6.Bc4 e6 7.Bb3 Be7 8.Be3 
Qc7 9.O-O Nc6 10.f4 Na5 11.Qf3 b5 12.e5 Bb7 13.Qg3 Nh5 14.Qg4 Nxb3 15.cxb3
g6 16.Rac1 Qd8 17.f5 dxe5 18.fxe6 exd4 19.exf7+ Kf8 20.Qxh5 Bf6 21.Bh6+ 
Kxf7 22.Qh4 dxc3 23.Rxc3 Re8 24.Bg5 Qb6+ 25.Kh1 Kg8 26.Bxf6 Re2 27.Rg3 Be4
28.Bc3 Re8 29.Qxh7+ 1-0

[Event "III Festival Marche Estate Magistrale"]
[Site "Falconara Marittima ITA"]
[Date "2005.07.19"]
[Round "2"]
[White "Raineri, Valerio"]
[Black "Ferretti, Folco"]
[Result "0-1"]
[WhiteElo "2145"]
[BlackElo "2272"]
[PlyCount "54"]
[EventDate "2005.07.18"]

1.e4 e5 2.Nf3 Nc6 3.Bb5 Nf6 4.O-O Nxe4 5.d4 Nd6 6.Bxc6 dxc6 7.dxe5 Nf5 8.
Qxd8+ Kxd8 9.Nc3 h6 10.h3 Bd7 11.b3 Kc8 12.Bb2 a5 13.Ne2 a4 14.Nf4 c5 15.
c4 Ra6 16.g4 Ne7 17.Rfe1 Ng6 18.Nh5 Rg8 19.Re3 Re6 20.Rae1 Be7 21.Kh2 axb3
22.axb3 Bc6 23.Kg3 b6 24.Nf4 Nxf4 25.Kxf4 g5+ 26.Kg3 h5 27.Nh2 h4# 0-1

[Event "III Festival Marche Estate Magistrale"]
[Site "Falconara Marittima ITA"]
[Date "2005.07.19"]
[Round "2"]
[White "Rinaudo, Andrea"]
[Black "Giacometti, Carlo"]
[Result "1/2-1/2"]
[WhiteElo "2130"]
[BlackElo "2089"]
[PlyCount "93"]
[EventDate "2005.07.18"]

1.e4 e6 2.d4 d5 3.exd5 exd5 4.Bd3 c5 5.dxc5 Bxc5 6.Nf3 Nf6 7.O-O O-O 8.Bg5
h6 9.Bh4 Be6 10.Nc3 Nbd7 11.Qd2 a6 12.Rfe1 b5 13.Ne5 Qb6 14.Nxd7 Nxd7 15.
Be2 Bb4 16.a3 Bxc3 17.Qxc3 Rfc8 18.Qd2 Qc6 19.c3 Ne5 20.Rab1 Nc4 21.Qf4 
Qc7 22.Qxc7 Rxc7 23.Bd3 a5 24.f4 g6 25.h3 h5 26.Bf6 Rc6 27.Bd4 Rb8 28.Kf2 
h4 29.Re2 Nd6 30.Rbe1 b4 31.axb4 axb4 32.Bxg6 bxc3 33.Bxc3 Rc4 34.Be5 Rb6 
35.Bd3 Rcb4 36.Bxd6 Rxd6 37.f5 Bxf5 38.Bxf5 Rf4+ 39.Ke3 Rxf5 40.Kd3 Rb6 
41.Kd4 Rg5 42.Re8+ Kg7 43.R1e2 Rb4+ 44.Kc3 Rc4+ 45.Kd3 Rb4 46.Kc3 Rc4+ 47.
Kd3 1/2-1/2